| 000 | 00000nam 2200000za 4500 |
| 001 | 9.833880 |
| 003 | CaOODSP |
| 005 | 20221107150318 |
| 007 | cr ||||||||||| |
| 008 | 170317s2012 qucac||#o||||f000 0dfre d |
| 040 | |aCaOODSP|bfre |
| 041 | |afre|aeng |
| 043 | |an-cn--- |
| 086 | 1 |aR44-3/2012-PDF |
| 245 | 10|aLa guerre de 1812 |h[electronic resource] = |bThe War of 1812. |
| 246 | 11|aWar of 1812 |
| 246 | 1 |iTitle from publisher : |aWar of 1812 postcards |
| 260 | |a[Gatineau, Quebec] : |bAffaires autochtones de Développement du Nord Canada = Aboriginal Affairs and Northern Development Canada,|c2012. |
| 300 | |a6 v. (2 p. ; 2 p. ; 2 p. ; 2 p. ; 2 p. ; 2 p.) :|bcol. ill., col. ports. |
| 500 | |aCaption title. |
| 500 | |a« La lutte pour le Canada = The Fight for Canada. 1812.gc.ca » |
| 505 | 0 |a[1] Tecumseh, Shawnee war chief (1768-1813) -- [2] John Brant (Dekarihokenh, Ahyouwaeghs, Tekarihogen), Mohawk war chief (1794-1832) -- [3] Métis fighters in the War of 1812 -- [4] John Norton (Teyoninhokarawen or "The Snipe"), Six Nations war chief (ca. 1765-1831) -- [5] Chief Oshawana (John Naudee), Walpole Island -- [6] Wabasha (Waa-Pa-Shaw IV), Dakota, captain and war chief (ca. 1765/77-1836). |
| 520 | |aPDF version of six biographical post cards on the War of 1812: Tecumseh, John Brant, Métis fighters in the War of 1812, John Norton, Oshawan, and Wabasha. |
| 546 | |aText in French and in English. |
| 692 | 07|2gccst|aAboriginal peoples |
| 692 | 07|2gccst|aMilitary history |
| 710 | 1 |aCanada. |bAboriginal Affairs and Northern Development Canada. |
| 740 | 02|aTecumseh, Shawnee war chief (1768-1813) |
| 740 | 02|aJohn Brant (Dekarihokenh, Ahyouwaeghs, Tekarihogen), Mohawk war chief (1794-1832) |
| 740 | 02|aMétis fighters in the War of 1812 |
| 740 | 02|aJohn Norton (Teyoninhokarawen or "The Snipe"), Six Nations war chief (ca. 1765-1831 |
| 740 | 02|aChief Oshawana (John Naudee), Walpole Island |
| 740 | 02|aWabasha (Waa-Pa-Shaw IV), Dakota, captain and war chief (ca. 1765/77-1836) |
| 792 | |tLa guerre de 1812 |efre|w(CaOODSP)9.833873 |
| 856 | 40|qPDF|s965 KB|uhttps://publications.gc.ca/collections/collection_2017/aanc-inac/R44-3-2012-1.pdf|zTecumseh |
| 856 | 40|qPDF|s638 KB|uhttps://publications.gc.ca/collections/collection_2017/aanc-inac/R44-3-2012-2.pdf|zJohn Brant |
| 856 | 40|qPDF|s1,015 KB|uhttps://publications.gc.ca/collections/collection_2017/aanc-inac/R44-3-2012-3.pdf|zMétis fighters |
| 856 | 40|qPDF|s2.27 MB|uhttps://publications.gc.ca/collections/collection_2017/aanc-inac/R44-3-2012-4.pdf|zJohn Norton |
| 856 | 40|qPDF|s2.37 MB|uhttps://publications.gc.ca/collections/collection_2017/aanc-inac/R44-3-2012-5.pdf|zOshawana (John Naudee) |
| 856 | 40|qPDF|s2.17 MB|uhttps://publications.gc.ca/collections/collection_2017/aanc-inac/R44-3-2012-6.pdf|zWabasha |
| 986 | |aQS-6276-000-BB-A1 |
| 986 | |aQS-6277-000-BB-A1 |
| 986 | |aQS-6278-000-BB-A1 |
| 986 | |aQS-6281-000-BB-A1 |
| 986 | |aQS-6282-000-BB-A1 |
| 986 | |aQS-6283-000-BB-A1 |